| 000 | 00652nam a2200253Ia 4500 | ||
|---|---|---|---|
| 003 | OSt | ||
| 005 | 20221006151531.0 | ||
| 006 | a|||||r|||| 00| 0 | ||
| 007 | ta | ||
| 008 | 221006b |||||||| |||| 00| 0 chi d | ||
| 020 | _cYu 298.00 (Total) | ||
| 024 | _a22,472 | ||
| 037 |
_bGift, _cTextual |
||
| 040 |
_aEASL _cEASL _bchi |
||
| 041 |
_2chi _achi |
||
| 082 | _ak1, 41N8. | ||
| 245 | 0 |
_aCi Yuan _b Encyclopedia, 2 Vols. |
|
| 260 |
_aBeijing _bShangwu Yin Shuguan China _c1998 |
||
| 300 |
_a1706+4072p. _ccm. |
||
| 490 | _v V.2RR | ||
| 650 |
_aCL _9642733 |
||
| 942 |
_hk1, 41N8. _cTEXL _2CC |
||
| 999 |
_c1090558 _d1090558 |
||